- Xirau, Ramón
Entry Nombre Personal
001 - NUMERO DE CONTROL
- campo de control: 29505
003 - IDENTIFICADOR DE NUMERO DE CONTROL
- campo de control: DLC
005 - FECHA Y HORA DE LA ÜLTIMA TRANSACCIÓN
- campo de control: 20221207115434.0
008 - DATOS DE LONGITUD FIJA
- campo de control de longitud fija: 811007n| azannaabn |a aaa
010 ## - NÚMERO DE CONTROL DE LA BIBLIOTECA DEL CONGRESO
- Número de control LC: n 81053762
- Número de Control LC Cancelado/inválido: no 00024080
035 ## - NUMERO DE CONTROL
- Número de control: (OCoLC)oca00599252
040 ## - FUENTE DE CATALOGACIÓN
- Agencia original de catalogación: DLC
- Lenguaje de catalogación: sap
- Description conventions: rda
- Agencia de transcripción: DLC
- Agencia que lo modifica: DLC
- Agencia que lo modifica: OCoLC
- Agencia que lo modifica: DLC
- Agencia que lo modifica: IEN
- Agencia que lo modifica: UPB
- Agencia que lo modifica: IEN
- Agencia que lo modifica: DLC
- Agencia que lo modifica: MX-MxUPN
046 ## - FECHAS CON CODIFICACIÓN ESPECIAL
- Fecha de nacimiento: 1924-01-24
- Fecha de muerte: 2017
- Fuente del formato de fecha: edtf
053 #0 - NÚMERO DE CLASIFICACIÓN LC
- Número de clasificación elemento-número único o número inicial de tramo: PC3941.X5
- Término explicativo: Catalan
053 #0 - NÚMERO DE CLASIFICACIÓN LC
- Número de clasificación elemento-número único o número inicial de tramo: PQ7297.X5
- Término explicativo: Spanish
100 1# - ENCABEZAMIENTO - NOMBRE PERSONAL
- Nombre personal: Xirau, Ramón
370 ## - LUGAR ASOCIADO
- Place of birth: Barcelona (España)
- Place of death: Ciudad de México
- Fuente del término: naf
372 ## - CAMPO DE ACTIVIDAD
- Field of activity: Literatura española
- Field of activity: Literatura catalana
- Fuente del término: lcsh
377 ## - LENGUA ASOCIADA
- Language code: spa
- Language code: cat
378 ## - FORMA COMPLETA DE NOMBRE PERSONAL
- Fuller form of personal name: Xirau Subías
400 1# - VEÁSE - NOMBRE DE PERSONA
- Personal name: Xirau, Ramón
- Fuller form of name: (Xirau Subías),
- Dates associated with a name: 1924-2017
400 1# - VEÁSE - NOMBRE DE PERSONA
- Personal name: Xirau Subías, Ramón
670 ## - FUENTE EN LA QUE SE LOCALIZARON DATOS
- Cita de la fuente: Bernárdez, M. Ramón Xirau, 2010:
- Información localizada: p. 129 (Ramón Xirau Subías; b. Jan. 20, 1924, Barcelona)
670 ## - FUENTE EN LA QUE SE LOCALIZARON DATOS
- Cita de la fuente: Info. converted from 678, 20120924
- Información localizada: (b. 1924)
670 ## - FUENTE EN LA QUE SE LOCALIZARON DATOS
- Cita de la fuente: El país WWW site, viewed Aug. 14, 2017
- Información localizada: (Ramón Xirau (Barcelona, 1924-México, 2017 refugiado de la Guerra Civil española en México)
670 ## - FUENTE EN LA QUE SE LOCALIZARON DATOS
- Cita de la fuente: Amor y Occidente, 1993:
- Información localizada: portada (Ramón Xirau, traductor)
902 ## - CATALOGADOR
- Catalogador: Víctor Ruiz/071222
